000 00691nam a2200205 i 4500
001 79323
003 ES-MaACL
005 20250901062530.0
007 t|
008 041020s1961 sp ||||1| spa d
100 1 _aHenry, Antonin Marcel.
_962589
245 1 3 _aEl Espíritu Santo /
_cA.M. Henry ; [versión española de Angel Caldas].
260 _aAndorra :
_bCasal i Vall,
_c[1961]
300 _a157 p. ;
_c18 cm.
490 1 _aYo sé, yo creo : enciclopedia del católico en el siglo XX
700 1 _aCaldas, Angel.
_933569
830 0 0 _aYo sé, yo creo: enciclopedia del católico del siglo XX
_9186579
852 _aES-MaACL
_jG-9649
_bR.48258
999 _c79323
_d79323